000 00891nam a22002657a 4500
005 20140507155449.0
010 _aENG-105693
020 _a9780198078548
_c675.00
020 _a0198078544
_c675.00
035 _aEN-89226
035 _aB-514018-021
037 _bDBAD/PUB
037 _bBSB/Ven
_adpl
082 _a331.833
082 _a323.154
245 _aMinority Studies /
_cedited by Rowena Robinson
260 _aNew Delhi
_bOxford University Press
_c2012
270 _aYMCA Library Building, Jai Singh Road
_bNew Delhi
_e110001
300 _ax,318p.
_c22cm.(Hb)
490 _aOxford India studies in contemporary society
500 _aIncludes bibliographical references and index
700 _aRobinson, Rowena
_951744
942 _2ddc
_cEN
_mMIN
_h323.154
999 _c69530
_d69530